Jonathan Livingston Seagull (Record no. 29373)

MARC details
000 -LEADER
fixed length control field 00388nam a2200169Ia 4500
008 - FIXED-LENGTH DATA ELEMENTS--GENERAL INFORMATION
fixed length control field 220531s9999 xx 000 0 und d
041 ## - LANGUAGE CODE
Language code of text/sound track or separate title eng
082 ## - DEWEY DECIMAL CLASSIFICATION NUMBER
Item number BAC
100 ## - MAIN ENTRY--PERSONAL NAME
Personal name Bach, R.
9 (RLIN) 50362
245 ## - TITLE STATEMENT
Title Jonathan Livingston Seagull
250 ## - EDITION STATEMENT
Edition statement 10th
260 ## - PUBLICATION, DISTRIBUTION, ETC. (IMPRINT)
Name of publisher, distributor, etc. Harper Collins
Date of publication, distribution, etc. 2005
300 ## - PHYSICAL DESCRIPTION
Extent 87
542 ## - INFORMATION RELATING TO COPYRIGHT STATUS
Copyright holder 16-12-2005
906 ## - LOCAL DATA ELEMENT F, LDF (RLIN)
d 2005-2006
Holdings
Withdrawn status Lost status Source of classification or shelving scheme Damaged status Not for loan Home library Current library Date acquired Vendor Cost, normal purchase price Total Checkouts Total Holds Full call number Barcode Date last seen Bill Date Koha item type Original Barcode
    Dewey Decimal Classification     Shri Siddhivinayak Mahila Mahavidyalaya Shri Siddhivinayak Mahila Mahavidyalaya 16/12/2005 International 195.00   1 /BAC/B/10368 SSMM-BK-10368 06/08/2022 06/08/2022 Books 010010368